| 000 | 00615nam a2200205 a 4500 | ||
|---|---|---|---|
| 001 | 000033421 | ||
| 005 | 20200930070239.0 | ||
| 008 | 110829s1981 xxu 000 0 spa d | ||
| 040 |
_aDO-SdBNP _bspa _cBNPHU |
||
| 041 | 0 | 7 |
_aspa _heng _2 |
| 082 |
_axxxx _bB433D |
||
| 100 | 1 |
_aBell, Ian _958980 |
|
| 245 | 1 | 0 | _aThe Dominican Republic. |
| 260 |
_aBoulder, Colo, Estados Unidos : _bWestview Press ; _aLondon : _bErnest Benn, _c1981. |
||
| 300 |
_a392 p. ; _c23 cm. |
||
| 490 | 1 | _aNations of the modern world | |
| 504 | _aBibliografía : p. 371-374. | ||
| 830 | 0 |
_aNations of the modern world _958981 |
|
| 049 | _aBNPD | ||
| 999 |
_c32912 _d32912 |
||